Reglamento de la Asociación de los Amantes de la Agricultura é Industria, de la Villa de Sabadell
Descripción Física:
23 p. ; 17 cm
MARC
| LEADER | 00000nam a2200000Ia 4500 | ||
|---|---|---|---|
| 001 | 16283 | ||
| 008 | 160829s1843 xx 000 0 cat d | ||
| 080 | |a RF-14-50 | ||
| 245 | |a Reglamento de la Asociación de los Amantes de la Agricultura é Industria, de la Villa de Sabadell | ||
| 260 | |a Barcelona : |b Imp. de J. Tauló, |c 1843 | ||
| 300 | |a 23 p. ; |c 17 cm | ||
| 590 | |a Prové de 900, exp. 37 | ||
| 650 | |a Asociación de los Amantes de la Agricultura e Industria de la Villa de Sabadell |x Reglaments i procediment |9 43328 | ||
| 856 | 4 | |u https://media.diba.cat/diba/fitxers/arxiu/fulletons/bib_16283_1843_baixa.pdf |y Accés lliure | |
| 856 | 4 | |u https://media.diba.cat/diba/fitxers/arxiu/fulletons/bib_16283_1843_baixa.pdf |y Accés lliure | |
| 901 | |a Arxiu | ||
| 942 | |n 1 |2 udc | ||
| 952 | |0 0 |1 0 |4 0 |6 RF1450 |7 1 |9 51338 |a Arxiu |b Arxiu |d 2016-12-01 |l 0 |o RF-14-50 |p 16283 |r 2016-12-01 00:00:00 |w 2016-12-01 |y ARXIU | ||
| 999 | |c 55182 |d 55182 | ||
| 900 | |a bib_16283_1843_baixa.pdf | ||